History Quiz

Random History Quiz

Mayors of Providence, Rhode Island Quiz Stats

 Plays Quiz not verified by Sporcle

Score 0/38 Timer 10:00
0 Plays Today
Years Mayor % Correct
1975-1984Vincent Cianci
100%
1991-2002Vincent Cianci
100%
2011-2015Angel Taveras
25%
2015-Jorge Elorza
25%
1832-1840Samuel W. Bridgham
0%
1841-1852Thomas M. Burgess
0%
1852-1853Amos C. Barstow
0%
1853-1854Walter R. Danforth
0%
1854-1855Edward P. Knowles
0%
1855-1857James Y. Smith
0%
1857-1859William M. Rodman
0%
1859-1864Jabez C. Knight
0%
1864-1869Thomas A. Doyle
0%
1869-1870George L. Clarke
0%
1870-1881Thomas A. Doyle
0%
1881-1884William S. Hayward
0%
1884-1886Thomas A. Doyle
0%
1886-1889Gilbert F. Robbins
0%
1889-1891Henry R. Barker
0%
Years Mayor % Correct
1891-1892Charles Sydney Smith
0%
1892-1894William Knight Potter
0%
1894-1896Frank F. Olney
0%
1896-1898Edwin D. McGuinness
0%
1898-1901William C. Baker
0%
1901-1903Daniel L.D. Granger
0%
1903-1905Augustus S. Miller
0%
1906Elisha Dyer, Jr.
0%
1907-1909Patrick J. McCarthy
0%
1909-1913Henry Fletcher
0%
1913-1927Joseph H. Gainer
0%
1927-1939James E. Dunne
0%
1939-1941John F. Collins
0%
1941-1951Dennis J. Roberts
0%
1951-1965Walter H. Reynolds
0%
1965-1975Joseph A. Doorley, Jr.
0%
1984-1991Joseph R. Paolino
0%
2002-2003John J. Lombardi
0%
2003-2011David Cicilline
0%

You're not logged in!

Compare scores with friends on all Sporcle quizzes.
OR
Log In

Sporcle TV

Today on Sporcle TV


Watch our educational content, quiz creation guides, and fun videos on Sporcle TV.

Show Comments

Extras

Top Quizzes Today


Score Distribution

Your Account Isn't Verified!

In order to create a playlist on Sporcle, you need to verify the email address you used during registration. Go to your Sporcle Settings to finish the process.

Report this User

Report this user for behavior that violates our Community Guidelines.

Details: